| 000 | 00990nam a2200217 i 4500 | ||
|---|---|---|---|
| 005 | 20160217105145.0 | ||
| 008 | 160217s2003 cr ||||| |||| 00| 0 spa d | ||
| 040 |
_aCO-BoIAVH _cCO-BoIAVH |
||
| 041 | 0 | _aspa | |
| 082 | 0 | 4 |
_a333.9532 _bA83a |
| 110 | 2 | _bAsociación Comunidades Ecologistas La Ceiba - Amigos de la Tierra Costa Rica | |
| 245 | 1 | 3 |
_aLa amenaza de extinción en Costa Rica : _blistado de especies de flora que han sido catalogadas bajo algún grado de amenaza de extinción / _cAsociación Comunidades Ecologistas La Ceiba - Amigos de la Tierra Costa Rica. |
| 260 |
_aCosta Rica : _bCOECOCEIBA, _c2003. |
||
| 300 |
_a38 páginas ; _c27 cm. |
||
| 650 | 1 | 4 |
_aDiversidad biológica _zCosta Rica. |
| 650 | 2 | 4 |
_aConservación de la diversidad biológica _zCosta Rica. |
| 650 | 2 | 4 |
_aPlantas _zCosta Rica. |
| 650 | 2 | 4 |
_aExtinción de plantas _zCosta Rica. |
| 650 | 2 | 4 |
_aPlantas _xConservación de especímenes _zCosta Rica. |
| 942 |
_cLIBRO _2ddc |
||
| 999 |
_c5684 _d5684 |
||